| 000 | 00558pab a2200181 454500 | ||
|---|---|---|---|
| 008 | 180718b2003 xxu||||| |||| 00| 0 eng d | ||
| 100 | _aNaidu, V. Nagarajan | ||
| 245 | _aFinancial sector reform and banking sector performance in India: a study on technical efficiency of commercial banks between pre and post reform period | ||
| 260 | _c2003 | ||
| 300 | _ap.230-36. | ||
| 362 | _aAug | ||
| 650 | _aPublic finance - India | ||
| 650 | _aBanks - India | ||
| 650 | _aBanks | ||
| 700 | _aNair, Manjus | ||
| 773 | _aAsian Economic Review | ||
| 909 | _a58308 | ||
| 999 |
_c58308 _d58308 |
||